What the dog saw and other adventures (Record no. 7286)

MARC details
000 -LEADER
fixed length control field 00659nam a2200157Ia 4500
005 - DATE AND TIME OF LATEST TRANSACTION
control field 20250117103852.0
008 - FIXED-LENGTH DATA ELEMENTS--GENERAL INFORMATION
fixed length control field 250117s9999 xx 000 0 und d
020 ## - INTERNATIONAL STANDARD BOOK NUMBER
International Standard Book Number 9780141044804
082 ## - DEWEY DECIMAL CLASSIFICATION NUMBER
Classification number 330GLA
100 ## - MAIN ENTRY--PERSONAL NAME
Personal name Gladwell, Malcolm.
245 #0 - TITLE STATEMENT
Title What the dog saw and other adventures
260 ## - PUBLICATION, DISTRIBUTION, ETC.
Place of publication, distribution, etc. London
Name of publisher, distributor, etc. Penguin
Date of publication, distribution, etc. 2009
300 ## - PHYSICAL DESCRIPTION
Extent xv, 410 p. ; 21 cm.
500 ## - GENERAL NOTE
General note Includes index.
520 ## - SUMMARY, ETC.
Summary, etc. What is the difference between choking and panicking? Why are there dozens of varieties of mustard-but only one variety of ketchup? What do football players teach us about how to hire teachers? What does hair dye tell us about the history of the 20th century?
Holdings
Withdrawn status Lost status Damaged status Not for loan Home library Current library Date acquired Total checkouts Full call number Barcode Date last seen Price effective from Koha item type
        UONGOZI Institute Resources Centre - Dar es Salaam UONGOZI Institute Resources Centre - Dar es Salaam 01/17/2025   330GLA 007673 01/31/2025 01/17/2025 Book